[Event "BLR-ch sf"]
[Site "Minsk"]
[Date "2023.12.15"]
[Round "9"]
[White "Halavan, Uladzimir"]
[Black "Kireyeu, Barys"]
[Result "0-1"]
[WhiteElo "1464"]
[BlackElo "1297"]
[PlyCount "126"]
[EventDate "2023.12.07"]
[EventType "swiss"]
[EventRounds "9"]
[EventCountry "BLR"]
[SourceTitle "CB51_2023"]
[SourceDate "2023.12.20"]
[SourceVersion "1"]
[SourceVersionDate "2023.12.20"]
[SourceQuality "1"]

1. e4 e5 2. Nf3 Nc6 3. Bc4 Bc5 4. c3 Nf6 5. d4 exd4 6. cxd4 Bb4+ 7. Bd2 Bxd2+ 8. Nbxd2 d5 9. exd5 Nxd5 10. Qb3 Na5 11. Qa4+ Nc6 12. Ne5 0-0 13. Nxc6 bxc6 14. 0-0 Rb8 15. Qxa7 Rxb2 16. Nb3 Bf5 17. Nc5 Nb6 18. Bb3 Qxd4 19. Rac1 Qf4 20. Rc3 Qd6 21. Qa3 Rd2 22. Qc1 Qd4 23. Bxf7+ Rxf7 24. Nb3 Qa4 25. Qxd2 Nd5 26. Rf3 Qg4 27. h3 Qg6 28. Re1 h5 29. Rg3 Qd6 30. Re8+ Kh7 31. Qg5 Nf4 32. Rf3 Bg6 33. Qd8 Qxd8 34. Rxd8 Be4 35. Re3 Bxg2 36. Rd4 Bd5 37. Rd2 Rf6 38. Nc5 h4 39. f3 Rg6+ 40. Kh1 Nxh3 41. a4 Ng5 42. Rf2 Nxf3 43. Rfxf3 Rg3 44. a5 Rxf3 45. Rxf3 Bxf3+ 46. Kh2 Be2 47. a6 Bxa6 48. Nxa6 Kh6 49. Nxc7 Kh5 50. Ne6 g5 51. Nc5 g4 52. Ne4 Kg6 53. Nc5 Kf5 54. Nd3 Ke4 55. Ne1 c5 56. Ng2 c4 57. Nxh4 c3 58. Nf3 Kxf3 59. Kh1 Kf2 60. Kh2 g3+ 61. Kh1 g2+ 62. Kh2 g1Q+ 63. Kh3 Qg3# 0-1

[Event "BLR-ch sf"]
[Site "Minsk"]
[Date "2023.12.14"]
[Round "8"]
[White "Kireyeu, Barys"]
[Black "Volkov, Yan"]
[Result "1-0"]
[WhiteElo "1297"]
[BlackElo "1109"]
[PlyCount "65"]
[EventDate "2023.12.07"]
[EventType "swiss"]
[EventRounds "9"]
[EventCountry "BLR"]
[SourceTitle "CB51_2023"]
[SourceDate "2023.12.20"]
[SourceVersion "1"]
[SourceVersionDate "2023.12.20"]
[SourceQuality "1"]

1. e4 c5 2. c3 d5 3. exd5 Qxd5 4. d4 Nf6 5. Nf3 e6 6. Be3 cxd4 7. cxd4 Bb4+ 8. Nc3 0-0 9. Bd3 Nc6 10. 0-0 Bxc3 11. bxc3 b6 12. Bg5 Ne7 13. Re1 Rb8 14. Re5 Qd8 15. Bxf6 gxf6 16. Rh5 Ng6 17. Qd2 Qd5 18. Rxd5 exd5 19. h4 Bg4 20. Nh2 Bd7 21. h5 Rbc8 22. hxg6 fxg6 23. Re1 Rfe8 24. Rxe8+ Rxe8 25. c4 Be6 26. cxd5 Bxd5 27. Ng4 Kf7 28. Qh6 Rh8 29. Bxg6+ Ke6 30. Bf5+ Kxf5 31. Qxf6+ Kxg4 32. f3+ Kh5 33. g4# 1-0

[Event "BLR-ch sf"]
[Site "Minsk"]
[Date "2023.12.12"]
[Round "6"]
[White "Kireyeu, Barys"]
[Black "Sarychev, Pavel"]
[Result "0-1"]
[WhiteElo "1297"]
[BlackElo "1421"]
[PlyCount "88"]
[EventDate "2023.12.07"]
[EventType "swiss"]
[EventRounds "9"]
[EventCountry "BLR"]
[SourceTitle "CB51_2023"]
[SourceDate "2023.12.20"]
[SourceVersion "1"]
[SourceVersionDate "2023.12.20"]
[SourceQuality "1"]

1. e4 c6 2. d4 d5 3. exd5 cxd5 4. Bd3 Nc6 5. c3 g6 6. Nf3 Bg7 7. Bf4 f6 8. Qe2 Nh6 9. Nbd2 Nf7 10. Bg3 0-0 11. Bc2 e5 12. dxe5 fxe5 13. 0-0-0 Qe7 14. Nb3 Be6 15. h4 a6 16. h5 g5 17. h6 Bf6 18. Kb1 Rad8 19. a3 Bg4 20. Rxd5 Rxd5 21. Qe4 Rfd8 22. Qxg4 Qd7 23. Qe4 Nh8 24. c4 Rd6 25. Rh5 Ng6 26. Nxg5 Rd1+ 27. Nc1 Rxc1+ 28. Kxc1 Bxg5+ 29. Kb1 Bf6 30. Rf5 Kf7 31. Bh4 Nxh4 32. Rxf6+ Kxf6 33. Qxh4+ Ke6 34. c5 Nd4 35. Be4 Rf8 36. Qh3+ Ke7 37. Qh4+ Ke8 38. Qh5+ Kd8 39. Qxe5 Nc6 40. Qg5+ Kc7 41. f4 Re8 42. Bd5 Re1+ 43. Kc2 Ne7 44. Qg3 Qf5+ 0-1

[Event "BLR-ch sf"]
[Site "Minsk"]
[Date "2023.12.11"]
[Round "5"]
[White "Brytsikau, Makar"]
[Black "Kireyeu, Barys"]
[Result "1-0"]
[WhiteElo "1652"]
[BlackElo "1297"]
[PlyCount "135"]
[EventDate "2023.12.07"]
[EventType "swiss"]
[EventRounds "9"]
[EventCountry "BLR"]
[SourceTitle "CB51_2023"]
[SourceDate "2023.12.20"]
[SourceVersion "1"]
[SourceVersionDate "2023.12.20"]
[SourceQuality "1"]

1. d4 d5 2. Nf3 Nf6 3. g3 Bf5 4. Bg2 e6 5. Nh4 Bg6 6. Nxg6 hxg6 7. c4 c6 8. Nc3 Nbd7 9. b3 Bb4 10. Bd2 Bxc3 11. Bxc3 Ne4 12. Bxe4 dxe4 13. d5 exd5 14. cxd5 Nf6 15. dxc6 bxc6 16. Qc2 e3 17. 0-0 Qd5 18. Bxf6 gxf6 19. Rad1 Qe6 20. Qc5 Rh5 21. Qd6 Qxd6 22. Rxd6 Ke7 23. Rxc6 Rah8 24. h4 g5 25. fxe3 gxh4 26. gxh4 Rxh4 27. Kf2 a5 28. Ke1 R8h6 29. Ra6 R4h5 30. e4 Re5 31. Kd2 Rg6 32. Ke3 Rg3+ 33. Rf3 Rg4 34. Rf4 f5 35. Rxg4 fxg4 36. Kf4 f6 37. Ra7+ Ke6 38. Rg7 a4 39. Rxg4 axb3 40. axb3 Rb5 41. Rg3 Rb4 42. Rc3 Rb5 43. Rh3 Rb4 44. Rc3 Rb5 45. Rd3 Rb4 46. Ke3 Ke5 47. Kd2 Kxe4 48. Kc3 Rb8 49. b4 Rc8+ 50. Kb3 Rb8 51. Kc4 Rc8+ 52. Kb5 Rb8+ 53. Kc5 Rc8+ 54. Kd6 Rc2 55. Rb3 Rxe2 56. b5 Rd2+ 57. Ke6 Rd8 58. b6 Kd4 59. b7 Rb8 60. Kd6 f5 61. Rb4+ Kd3 62. Kc7 Rxb7+ 63. Kxb7 Ke3 64. Kc6 f4 65. Kd5 f3 66. Rb3+ Kf4 67. Kd4 f2 68. Rb1 1-0